000 00743nam a2200241Ia 4500
003 OSt
005 20220916110909.0
006 a|||||r|||| 00| 0
007 ta
008 220915b |||||||| |||| 00| 0 hin d
024 _a168539
037 _cTextbook
040 _bhin
_aARTS
_cARTS
041 _ahin
082 _aO152,3:g, J4
100 _aबख्शी, पदमलाल पुन्नालाल
245 0 _aहिन्दी कथा सािहत्य
246 _aHindī kathā sāihatya
260 _c1954
650 _aहिन्दी साहित्य
942 _hO152,3:g, J4
_cTB
_2CC
999 _c100690
_d100690